[Event "Catalunya-chT Gp2"]
[Site "Barcelona"]
[Date "2024.02.17"]
[Round "5.5"]
[White "Colon Garcia, Enrique"]
[Black "Shatko, Danil"]
[Result "1-0"]
[WhiteElo "2265"]
[BlackElo "2225"]
[PlyCount "93"]
[EventDate "2024.01.20"]
[EventType "team-tourn"]
[EventRounds "7"]
[EventCountry "ESP"]
[SourceTitle "CB11_2024"]
[SourceDate "2024.03.13"]
[SourceVersion "1"]
[SourceVersionDate "2024.03.13"]
[SourceQuality "1"]
[WhiteTeam "Sant Andreu"]
[BlackTeam "Geva CEA"]
[WhiteTeamCountry "ESP"]
[BlackTeamCountry "ESP"]

1. e4 e6 2. d4 d5 3. e5 c5 4. c3 Nc6 5. Nf3 Qb6 6. a3 c4 7. Nbd2 Na5 8. Be2 Bd7 9. 0-0 Ne7 10. g3 Qc7 11. Nh4 Nc8 12. Ng2 Nb6 13. Ne3 0-0-0 14. f4 Be7 15. Rb1 Kb8 16. Qe1 g6 17. Bd1 Ba4 18. Bf3 h6 19. Bg2 Ka8 20. Nf3 Rdg8 21. Qf2 Nb3 22. g4 Bd7 23. Kh1 Rf8 24. Bd2 Nxd2 25. Qxd2 f5 26. Bh3 g5 27. gxf5 exf5 28. e6 Bxe6 29. Ne5 Rhg8 30. Qc2 g4 31. Bg2 h5 32. a4 h4 33. a5 h3 34. axb6 hxg2+ 35. Qxg2 Qxb6 36. Nxd5 Bxd5 37. Qxd5 g3 38. Rg1 Qh6 39. Rg2 Qxf4 40. Ra1 Rh8 41. Nd7 Qc7 42. Nxf8 Rxf8 43. Rxg3 Rd8 44. Rg8 Bf8 45. Qxf5 Qc6+ 46. Kg1 Qe8 47. Rf1 1-0

[Event "Barcelona Sants op-A18th"]
[Site "Barcelona"]
[Date "2016.08.21"]
[Round "3"]
[White "Shatko, Danil"]
[Black "Garofalo, Pietro"]
[Result "1/2-1/2"]
[WhiteElo "2248"]
[BlackElo "2066"]
[PlyCount "70"]
[EventDate "2016.08.19"]
[EventType "swiss"]
[EventRounds "10"]
[EventCountry "ESP"]
[SourceTitle "CBM 174 Extra"]
[Source "ChessBase"]
[SourceDate "2016.10.10"]
[SourceVersion "1"]
[SourceVersionDate "2016.10.10"]
[SourceQuality "1"]

1. d4 e6 2. c4 f5 3. g3 Nf6 4. Bg2 c6 5. Nd2 d5 6. Nh3 Bd6 7. 0-0 0-0 8. Nf3 Nbd7 9. Nf4 Qe7 10. Ng5 Nb8 11. c5 Bc7 12. Qb3 b6 13. cxb6 Bxb6 14. Nf3 c5 15. dxc5 Bxc5 16. Nd3 Bb6 17. Bd2 Nc6 18. Rac1 Bb7 19. Nde5 Rfc8 20. Nxc6 Bxc6 21. Ne5 Be8 22. Bb4 Qb7 23. Nd3 Rxc1 24. Rxc1 Rc8 25. Rxc8 Qxc8 26. Be1 Ne4 27. Kf1 Qc7 28. Bxe4 fxe4 29. Nf4 Bf7 30. Qb5 Qc5 31. Qd7 Qc7 32. Qa4 Qe7 33. Bb4 Qf6 34. Qd7 h6 35. Qd6 e5 1/2-1/2

[Event "Sant Boi Chalmeta Memorial"]
[Site "Sant Boi de Llobregat"]
[Date "2016.06.10"]
[Round "8"]
[White "Ventura Bolet, Maxim"]
[Black "Shatko, Danil"]
[Result "1/2-1/2"]
[WhiteElo "2229"]
[BlackElo "2250"]
[PlyCount "28"]
[EventDate "2016.04.22"]
[EventType "tourn"]
[EventRounds "9"]
[EventCountry "ESP"]
[EventCategory "2"]
[SourceTitle "EXT 2017"]
[Source "ChessBase"]
[SourceDate "2016.10.25"]
[SourceVersion "1"]
[SourceVersionDate "2016.10.25"]
[SourceQuality "1"]

1. Nf3 Nf6 2. d4 d5 3. g3 e6 4. Bg2 Be7 5. 0-0 0-0 6. c4 dxc4 7. Ne5 Nc6 8. Bxc6 bxc6 9. Nxc6 Qe8 10. Nxe7+ Qxe7 11. Qc2 e5 12. Rd1 Re8 13. Nc3 exd4 14. Rxd4 Qc5 1/2-1/2

[Event "Barcelona Puig op 1st"]
[Site "Barcelona"]
[Date "2015.11.25"]
[Round "9.2"]
[White "Shatko, Danil"]
[Black "Capellades Subirana, Marc"]
[Result "1-0"]
[WhiteElo "2315"]
[BlackElo "2341"]
[PlyCount "73"]
[EventDate "2015.09.30"]
[EventType "swiss"]
[EventRounds "9"]
[EventCountry "ESP"]
[SourceTitle "EXT 2024"]
[Source "ChessBase"]
[SourceDate "2023.10.10"]
[SourceVersion "1"]
[SourceVersionDate "2023.10.10"]
[SourceQuality "1"]

1. d4 Nf6 2. c4 c5 3. d5 d6 4. Nc3 g6 5. e4 Bg7 6. f4 Nbd7 7. Nf3 0-0 8. Be2 Ne8 9. 0-0 Bxc3 10. bxc3 Ng7 11. Qe1 Nf6 12. e5 Nfh5 13. h3 f5 14. e6 b5 15. cxb5 c4 16. Bxc4 Qc7 17. Bb3 a6 18. b6 Qxb6+ 19. Be3 Qc7 20. Ng5 a5 21. g4 Nf6 22. Bd4 Ba6 23. Qh4 h5 24. gxh5 Ngxh5 25. Rf2 Kg7 26. Nf7 Rxf7 27. exf7 Kxf7 28. Re1 Bd3 29. Bd1 Be4 30. Bxh5 Nxh5 31. Rxe4 fxe4 32. f5 e3 33. fxg6+ Ke8 34. Bxe3 Qxc3 35. Qa4+ Kd8 36. Bb6+ Kc8 37. Rc2 1-0

[Event "Barcelona Sants op 17th"]
[Site "Barcelona"]
[Date "2015.08.28"]
[Round "8"]
[White "Andersen, Mads"]
[Black "Shatko, Danil"]
[Result "1-0"]
[WhiteElo "2467"]
[BlackElo "2177"]
[PlyCount "73"]
[EventDate "2015.08.21"]
[EventType "swiss"]
[EventRounds "10"]
[EventCountry "ESP"]
[SourceTitle "EXT 2016"]
[Source "ChessBase"]
[SourceDate "2015.10.08"]
[SourceVersion "1"]
[SourceVersionDate "2015.10.08"]
[SourceQuality "1"]

1. d4 e6 2. c4 d5 3. Nf3 Be7 4. g3 Nf6 5. Bg2 0-0 6. 0-0 dxc4 7. Qc2 a6 8. a4 Bd7 9. Qxc4 Bc6 10. Bf4 Nbd7 11. Nc3 Nb6 12. Qd3 Nbd5 13. Bg5 h6 14. Bxf6 Nxf6 15. e4 b6 16. Rfd1 Bb7 17. Qe2 Bb4 18. Ne1 Re8 19. Nc2 Bf8 20. Ne3 Qb8 21. e5 Nd7 22. f4 Qa7 23. Bh3 Rad8 24. Qc4 Nb8 25. Nb5 axb5 26. axb5 Bd5 27. Rxa7 Bxc4 28. Nxc4 Bc5 29. Rxc7 Rxd4 30. Rxd4 Bxd4+ 31. Kf1 Bc5 32. Rb7 Rc8 33. Nxb6 Bxb6 34. Rxb6 Nd7 35. Rd6 Rc1+ 36. Ke2 Rc2+ 37. Kd1 1-0

[Event "Barcelona Sants op 17th"]
[Site "Barcelona"]
[Date "2015.08.27"]
[Round "7"]
[White "Shatko, Danil"]
[Black "Vassallo Barroche, Mauricio"]
[Result "1-0"]
[WhiteElo "2177"]
[BlackElo "2430"]
[PlyCount "77"]
[EventDate "2015.08.21"]
[EventType "swiss"]
[EventRounds "10"]
[EventCountry "ESP"]
[SourceTitle "EXT 2016"]
[Source "ChessBase"]
[SourceDate "2015.10.08"]
[SourceVersion "1"]
[SourceVersionDate "2015.10.08"]
[SourceQuality "1"]

1. d4 d6 2. Nf3 Nf6 3. c4 g6 4. g3 Bg7 5. Bg2 0-0 6. 0-0 Nbd7 7. Nc3 e5 8. h3 c6 9. dxe5 dxe5 10. Be3 Qe7 11. Nd2 Nc5 12. b4 Ne6 13. Qa4 Nd4 14. Nb3 Nd7 15. c5 Nc2 16. Rad1 Nxe3 17. fxe3 f5 18. b5 e4 19. bxc6 Ne5 20. Nd5 Qg5 21. Nd4 bxc6 22. Nxc6 Qxg3 23. Qb3 Kh8 24. Nd4 Nf7 25. Nf4 Be5 26. Nc6 Bg7 27. Ne7 Ne5 28. Rd6 Qg5 29. Nxc8 Rfxc8 30. Ne6 Qg3 31. Nxg7 Kxg7 32. Qc3 Kh6 33. Rxf5 Nf3+ 34. exf3 Qxd6 35. Rf7 Qd1+ 36. Kh2 Rg8 37. Qf6 Qd5 38. fxe4 Qh5 39. Bf3 1-0

[Event "Barcelona Sants op 16th"]
[Site "Barcelona"]
[Date "2014.08.28"]
[Round "7"]
[White "Shatko, Danil"]
[Black "Martin Perez, Javier"]
[Result "1-0"]
[WhiteElo "2178"]
[BlackElo "2013"]
[PlyCount "85"]
[EventDate "2014.08.22"]
[EventType "swiss"]
[EventRounds "10"]
[EventCountry "ESP"]
[SourceTitle "CBM 162 Extra"]
[Source "ChessBase"]
[SourceDate "2014.10.17"]
[SourceVersion "1"]
[SourceVersionDate "2014.10.17"]
[SourceQuality "1"]

1. d4 d5 2. c4 c6 3. Nc3 Nf6 4. Nf3 e6 5. g3 Be7 6. Bg2 0-0 7. 0-0 Nbd7 8. b3 b6 9. Bb2 Bb7 10. Re1 Rc8 11. Qd3 Qc7 12. Rac1 c5 13. cxd5 exd5 14. Qf5 Qd6 15. Nb5 Qe6 16. Qxe6 fxe6 17. Bh3 a6 18. Bxe6+ Kh8 19. dxc5 axb5 20. Bxf6 Nxf6 21. Bxc8 Rxc8 22. cxb6 Bc5 23. Ne5 Kg8 24. Nd3 Bxb6 25. Rxc8+ Bxc8 26. Rc1 Bf5 27. Rc6 Bd4 28. e3 Bxe3 29. fxe3 Bxd3 30. a4 bxa4 31. bxa4 Ng4 32. a5 Nxe3 33. Rc3 Nc4 34. Rxd3 Nxa5 35. Rxd5 Nc6 36. Rd7 Ne5 37. Re7 Ng4 38. h3 Nf6 39. Kg2 h5 40. Kf3 Kh7 41. Re5 Kg6 42. Kf4 Kh6 43. Kf5 1-0

[Event "Foment Martinenc op-A 15th"]
[Site "Barcelona"]
[Date "2013.06.08"]
[Round "8"]
[White "Cervello Tost, Ferran"]
[Black "Shatko, Danil"]
[Result "1/2-1/2"]
[WhiteElo "2027"]
[BlackElo "2201"]
[PlyCount "52"]
[EventDate "2013.04.20"]
[EventType "swiss"]
[EventRounds "9"]
[EventCountry "ESP"]
[SourceTitle "CBM 154 Extra"]
[Source "ChessBase"]
[SourceDate "2013.06.25"]
[SourceVersion "2"]
[SourceVersionDate "2013.06.25"]
[SourceQuality "1"]

1. d4 d5 2. g3 Nf6 3. Bg2 e6 4. Nf3 Be7 5. 0-0 0-0 6. b3 b6 7. Bb2 Bb7 8. c4 dxc4 9. bxc4 c5 10. e3 cxd4 11. exd4 Nbd7 12. Nbd2 Qc7 13. Rc1 Rac8 14. Qe2 Rfe8 15. Rc2 Qb8 16. Rfc1 Qa8 17. Nh4 Bxg2 18. Nxg2 Bb4 19. Bc3 Bxc3 20. Rxc3 Rc7 21. g4 Rec8 22. g5 Ne8 23. Nf4 Nd6 24. Nf3 Qe4 25. Qxe4 Nxe4 26. R3c2 Nd6 1/2-1/2

[Event "Foment Martinenc op-A 15th"]
[Site "Barcelona"]
[Date "2013.04.20"]
[Round "1"]
[White "Shatko, Danil"]
[Black "Porta Tovar, Guillem"]
[Result "1-0"]
[WhiteElo "2201"]
[BlackElo "1970"]
[PlyCount "93"]
[EventDate "2013.04.20"]
[EventType "swiss"]
[EventRounds "9"]
[EventCountry "ESP"]
[SourceTitle "CBM 154 Extra"]
[Source "ChessBase"]
[SourceDate "2013.06.25"]
[SourceVersion "2"]
[SourceVersionDate "2013.06.25"]
[SourceQuality "1"]

1. d4 Nf6 2. c4 g6 3. Nc3 Bg7 4. e4 d6 5. f4 0-0 6. Nf3 c5 7. d5 e6 8. Be2 exd5 9. cxd5 Bg4 10. h3 Bxf3 11. Bxf3 Re8 12. 0-0 b5 13. e5 dxe5 14. fxe5 Rxe5 15. d6 Nbd7 16. Bxa8 Qxa8 17. Nxb5 Nd5 18. Nc7 Qc6 19. Nxd5 Rxd5 20. Qe2 Qxd6 21. Bf4 Qe6 22. Rae1 g5 23. Qxe6 fxe6 24. Bc1 Nf8 25. Re4 h6 26. b3 Bd4+ 27. Kh1 e5 28. h4 Ne6 29. hxg5 hxg5 30. Rg4 e4 31. Rxe4 Rd7 32. g3 Rf7 33. Rxf7 Kxf7 34. Be3 Kf6 35. g4 Be5 36. Ra4 Bb8 37. Ra5 Ke5 38. Bxc5 Bc7 39. Bb6+ Kf4 40. Bxc7+ Nxc7 41. Rxa7 Nb5 42. Ra4+ Kf3 43. Ra5 Nc3 44. Rxg5 Nxa2 45. Rg8 Kf4 46. g5 Nc1 47. g6 1-0

[Event "Cerdanyola del Valles 2nd"]
[Site "Cerdanyola del Valles"]
[Date "2012.11.17"]
[Round "8"]
[White "Norte Garcia, Andrea"]
[Black "Shatko, Danil"]
[Result "0-1"]
[WhiteElo "2008"]
[BlackElo "2203"]
[PlyCount "86"]
[EventDate "2012.09.29"]
[EventType "tourn"]
[EventRounds "9"]
[EventCountry "ESP"]
[SourceTitle "EXT 2014"]
[Source "ChessBase"]
[SourceDate "2013.11.20"]
[SourceVersion "1"]
[SourceVersionDate "2013.11.20"]
[SourceQuality "1"]

1. e4 e6 2. d4 d5 3. Nc3 Bb4 4. e5 c5 5. a3 Bxc3+ 6. bxc3 Qc7 7. Nf3 Nc6 8. Bd3 Nge7 9. Bd2 Bd7 10. 0-0 c4 11. Be2 0-0-0 12. Ng5 Rdf8 13. Bg4 h6 14. Nh3 Ng6 15. f4 f5 16. Bf3 Rhg8 17. g3 Nh8 18. Re1 Nf7 19. Bxd5 exd5 20. e6 Nd6 21. exd7+ Qxd7 22. Nf2 Ne4 23. Nxe4 dxe4 24. a4 Ne7 25. Qe2 Qc6 26. Reb1 Nd5 27. Rb5 b6 28. Qh5 a6 29. Rbb1 g5 30. fxg5 hxg5 31. Bxg5 Rh8 32. Qe2 Nxc3 33. Qd2 Nd5 34. Rf1 Rhg8 35. c3 Qg6 36. Bf4 Qg4 37. Be5 f4 38. Qa2 Ne3 39. Rfe1 Qf3 40. Qe2 Rxg3+ 41. hxg3 Qxg3+ 42. Kh1 Qh3+ 43. Qh2 Qf3+ 0-1

[Event "Cerdanyola del Valles 2nd"]
[Site "Cerdanyola del Valles"]
[Date "2012.11.10"]
[Round "7"]
[White "Shatko, Danil"]
[Black "Campos Cayuelas, Adria"]
[Result "1/2-1/2"]
[WhiteElo "2203"]
[BlackElo "2002"]
[PlyCount "25"]
[EventDate "2012.09.29"]
[EventType "tourn"]
[EventRounds "9"]
[EventCountry "ESP"]
[SourceTitle "EXT 2014"]
[Source "ChessBase"]
[SourceDate "2013.11.20"]
[SourceVersion "1"]
[SourceVersionDate "2013.11.20"]
[SourceQuality "1"]

1. d4 d5 2. c4 e6 3. Nc3 Nf6 4. cxd5 exd5 5. Bg5 Nbd7 6. e3 c6 7. Bd3 Be7 8. Nge2 0-0 9. 0-0 Re8 10. f3 Nf8 11. e4 dxe4 12. Nxe4 Ne6 13. Be3 1/2-1/2

[Event "Cerdanyola del Valles 2nd"]
[Site "Cerdanyola del Valles"]
[Date "2012.11.03"]
[Round "6"]
[White "Borges Ayats, Joaquim"]
[Black "Shatko, Danil"]
[Result "1/2-1/2"]
[WhiteElo "2015"]
[BlackElo "2203"]
[PlyCount "28"]
[EventDate "2012.09.29"]
[EventType "tourn"]
[EventRounds "9"]
[EventCountry "ESP"]
[SourceTitle "EXT 2014"]
[Source "ChessBase"]
[SourceDate "2013.11.20"]
[SourceVersion "1"]
[SourceVersionDate "2013.11.20"]
[SourceQuality "1"]

1. e4 e6 2. d4 b6 3. Nc3 Bb7 4. Nf3 d6 5. Bd3 Nd7 6. 0-0 g6 7. Re1 Bg7 8. Be3 Ne7 9. Qd2 0-0 10. Bh6 a6 11. Bxg7 Kxg7 12. Qf4 Nf6 13. Rad1 Nh5 14. Qe3 Nf6 1/2-1/2

[Event "Cerdanyola del Valles 2nd"]
[Site "Cerdanyola del Valles"]
[Date "2012.10.27"]
[Round "4"]
[White "Shatko, Danil"]
[Black "Valencia Jimenez, Jose"]
[Result "1-0"]
[WhiteElo "2203"]
[BlackElo "2055"]
[PlyCount "72"]
[EventDate "2012.09.29"]
[EventType "tourn"]
[EventRounds "9"]
[EventCountry "ESP"]
[SourceTitle "EXT 2014"]
[Source "ChessBase"]
[SourceDate "2013.11.20"]
[SourceVersion "1"]
[SourceVersionDate "2013.11.20"]
[SourceQuality "1"]

1. d4 d6 2. Nf3 Nd7 3. e4 e5 4. dxe5 dxe5 5. Bc4 Bc5 6. Ng5 Nh6 7. 0-0 0-0 8. h3 Qf6 9. Nc3 c6 10. Qh5 b5 11. Bd3 Qg6 12. Qxg6 hxg6 13. a4 b4 14. Ne2 a5 15. b3 Nb6 16. Nf3 f6 17. Kh1 Be6 18. Bb2 Rfd8 19. Nh2 Bxb3 20. f4 Nxa4 21. Bc1 Nb6 22. fxe5 fxe5 23. Bxh6 gxh6 24. Ng4 Kg7 25. Nxe5 Be6 26. Nxc6 Rd6 27. Nxa5 Ra7 28. Rf3 Nc4 29. Nb3 Rxa1+ 30. Nxa1 Nd2 31. e5 Rd5 32. Rf6 Rxe5 33. Rxg6+ Kf7 34. Rxh6 Bf5 35. Rh5 Kg6 36. Rxf5 Rxe2 1-0

[Event "Barcelona Sant Marti op-A 14th"]
[Site "Barcelona"]
[Date "2012.07.15"]
[Round "3"]
[White "Mamedjarova, Zeinab"]
[Black "Shatko, Danil"]
[Result "1/2-1/2"]
[WhiteElo "2307"]
[BlackElo "2143"]
[PlyCount "77"]
[EventDate "2012.07.13"]
[EventType "swiss"]
[EventRounds "9"]
[EventCountry "ESP"]
[SourceTitle "CBM 149 Extra"]
[Source "ChessBase"]
[SourceDate "2012.08.24"]
[SourceVersion "1"]
[SourceVersionDate "2012.08.24"]
[SourceQuality "1"]

1. d4 Nf6 2. Nf3 e6 3. e3 d5 4. Nbd2 Bd6 5. Bd3 0-0 6. b3 b6 7. Ne5 Qe7 8. f4 Bb7 9. Qf3 Bb4 10. 0-0 Bc3 11. Rb1 c5 12. g4 cxd4 13. g5 Ne4 14. Nxe4 dxe4 15. Bxe4 Bxe4 16. Qxe4 Na6 17. exd4 Rac8 18. Rf3 Qd6 19. Rd3 Rfd8 20. Bb2 Bxb2 21. Rxb2 Qa3 22. Rb1 Qxa2 23. Rbd1 Qxc2 24. Qb7 Nc7 25. Nc6 Nd5 26. Nxd8 Rxd8 27. Qxa7 Nxf4 28. R3d2 Qxb3 29. Qb7 Qe3+ 30. Kh1 Nd5 31. Rf1 Rf8 32. Rdf2 Qe4+ 33. Rf3 g6 34. h3 Qxd4 35. Rxf7 Qe4+ 36. R1f3 Qe1+ 37. Kh2 Qe5+ 38. Kh1 Qe1+ 39. Kh2 1/2-1/2

[Event "Barcelona Sant Marti op-A 14th"]
[Site "Barcelona"]
[Date "2012.07.13"]
[Round "1"]
[White "Gonzalez Perez, Arian"]
[Black "Shatko, Danil"]
[Result "1-0"]
[WhiteElo "2452"]
[BlackElo "2143"]
[PlyCount "91"]
[EventDate "2012.07.13"]
[EventType "swiss"]
[EventRounds "9"]
[EventCountry "ESP"]
[SourceTitle "CBM 149 Extra"]
[Source "ChessBase"]
[SourceDate "2012.08.24"]
[SourceVersion "1"]
[SourceVersionDate "2012.08.24"]
[SourceQuality "1"]

1. Nf3 Nf6 2. c4 e6 3. g3 d5 4. Bg2 Be7 5. 0-0 0-0 6. b3 c5 7. Bb2 Nc6 8. e3 b6 9. Nc3 Bb7 10. cxd5 exd5 11. d4 cxd4 12. Nxd4 Nxd4 13. Qxd4 Qd7 14. Rfd1 Rfd8 15. Rac1 Rac8 16. Ne2 Rxc1 17. Rxc1 Ba6 18. Qd1 h6 19. Nf4 Rc8 20. Rxc8+ Bxc8 21. Bxf6 Bxf6 22. Bh3 Qd8 23. Bxc8 Qxc8 24. Nxd5 Bd8 25. Qd3 Bg5 26. h4 Bd8 27. Qe4 Qe6 28. Qxe6 fxe6 29. Nb4 Bc7 30. Nc6 a6 31. Nb4 a5 32. Nd3 b5 33. Kg2 Bd6 34. a4 bxa4 35. bxa4 Kf7 36. Kf3 Kf6 37. Ke4 g5 38. hxg5+ hxg5 39. g4 Bc7 40. Kd4 Ke7 41. Kc5 Kd7 42. Nb2 Be5 43. Nc4 Bc3 44. Kb5 e5 45. e4 Bd4 46. f3 1-0

[Event "Montcada op 20th"]
[Site "Montcada"]
[Date "2012.06.25"]
[Round "1"]
[White "Shatko, Danil"]
[Black "Cuartas, Jaime Alexander"]
[Result "0-1"]
[WhiteElo "2144"]
[BlackElo "2523"]
[PlyCount "68"]
[EventDate "2012.06.25"]
[EventType "swiss"]
[EventRounds "9"]
[EventCountry "ESP"]
[SourceTitle "CBM 149 Extra"]
[Source "ChessBase"]
[SourceDate "2012.08.24"]
[SourceVersion "1"]
[SourceVersionDate "2012.08.24"]
[SourceQuality "1"]

1. d4 d5 2. c4 c6 3. cxd5 cxd5 4. Nc3 Nf6 5. Bf4 Nc6 6. e3 a6 7. Bd3 Bg4 8. f3 Bh5 9. Nge2 e6 10. a3 Bg6 11. g4 Bd6 12. h4 Bxd3 13. Qxd3 0-0 14. Kf2 Re8 15. Rad1 Rc8 16. Qb1 b5 17. h5 Bxf4 18. Nxf4 e5 19. dxe5 Rxe5 20. Qd3 d4 21. exd4 Qb6 22. Kg2 Ree8 23. g5 Qb8 24. Rh4 Nd7 25. g6 Nf6 26. gxh7+ Nxh7 27. d5 Ne5 28. Qb1 Qb6 29. Re1 Qf6 30. Reh1 Ng5 31. Ne4 Qh6 32. R1h3 Nxh3 33. Kxh3 Nxf3 34. Rg4 f5 0-1

[Event "Catalunya-ch U18"]
[Site "Vila Seca"]
[Date "2012.04.03"]
[Round "6"]
[White "Martinez Ramirez, Erik"]
[Black "Shatko, Danil"]
[Result "0-1"]
[WhiteElo "2288"]
[BlackElo "2129"]
[PlyCount "80"]
[EventDate "2012.03.31"]
[EventType "swiss"]
[EventRounds "9"]
[EventCountry "ESP"]
[SourceTitle "EXT 2015"]
[Source "ChessBase"]
[SourceDate "2014.11.20"]
[SourceVersion "1"]
[SourceVersionDate "2014.11.20"]
[SourceQuality "1"]

1. e4 e6 2. Qe2 e5 3. Nf3 Nc6 4. c3 d5 5. Qb5 Bd7 6. Qxd5 Nf6 7. Qd3 Bd6 8. Na3 Bxa3 9. bxa3 0-0 10. Qc2 Qe7 11. h3 Nh5 12. g4 Qf6 13. Ng1 Nf4 14. d3 h5 15. gxh5 Nxh5 16. Be2 Nf4 17. Bxf4 exf4 18. Nf3 Ne5 19. Nxe5 Qxe5 20. d4 Qe7 21. Bc4 b5 22. Bd3 Qxa3 23. Qb3 Qe7 24. Qb4 c5 25. dxc5 a5 26. Qd4 Rad8 27. Qd6 Qh4 28. 0-0-0 Qxf2 29. Bc2 Qe3+ 30. Kb2 b4 31. cxb4 axb4 32. Rd3 Qxe4 33. Rhd1 Ba4 34. Qxd8 Bxc2 35. Qd4 Bxd3 36. Rxd3 Qg2+ 37. Kb3 Ra8 38. Qxb4 Qxa2+ 39. Kc3 Ra3+ 40. Kd4 Ra4 0-1

[Event "Mollet CM"]
[Site "Mollet del Valles"]
[Date "2011.12.09"]
[Round "7"]
[White "Comellas Blanchart, Jordi"]
[Black "Shatko, Danil"]
[Result "0-1"]
[WhiteElo "2101"]
[BlackElo "2125"]
[PlyCount "72"]
[EventDate "2011.12.03"]
[EventType "tourn"]
[EventRounds "9"]
[EventCountry "ESP"]
[SourceTitle "CBM 145 Extra"]
[Source "ChessBase"]
[SourceDate "2012.01.03"]
[SourceVersion "1"]
[SourceVersionDate "2012.01.03"]
[SourceQuality "1"]

1. e4 e6 2. d4 d5 3. Nd2 Nf6 4. Bd3 c5 5. c3 Nc6 6. Ngf3 Qb6 7. 0-0 cxd4 8. cxd4 Nxd4 9. Nxd4 Qxd4 10. Nf3 Qb6 11. Be3 Bc5 12. Bxc5 Qxc5 13. Rc1 Qb6 14. e5 Nd7 15. Qc2 Nf8 16. Qe2 Bd7 17. Ng5 h6 18. Nh3 Nh7 19. Qg4 Kf8 20. b3 f5 21. exf6 Nxf6 22. Qe2 Qd6 23. f4 Kf7 24. Qe5 Ke7 25. Qe2 Rhc8 26. Rce1 Kf8 27. Nf2 Rc3 28. Bb1 Rac8 29. Ng4 Qb6+ 30. Kh1 Nxg4 31. Qxg4 Re3 32. Rd1 Bb5 33. f5 Bxf1 34. Rxf1 Qb5 35. Rg1 Qe2 36. Qg6 Rc1 0-1

[Event "Mollet CM"]
[Site "Mollet del Valles"]
[Date "2011.12.06"]
[Round "4"]
[White "Shatko, Danil"]
[Black "Morais Carreras, Javier"]
[Result "1-0"]
[WhiteElo "2125"]
[BlackElo "1996"]
[PlyCount "77"]
[EventDate "2011.12.03"]
[EventType "tourn"]
[EventRounds "9"]
[EventCountry "ESP"]
[SourceTitle "CBM 145 Extra"]
[Source "ChessBase"]
[SourceDate "2012.01.03"]
[SourceVersion "1"]
[SourceVersionDate "2012.01.03"]
[SourceQuality "1"]

1. d4 d5 2. c4 e6 3. Nc3 Nf6 4. cxd5 exd5 5. Bg5 Be7 6. Qc2 0-0 7. e3 h6 8. Bh4 c6 9. Bd3 Re8 10. Nge2 Nbd7 11. f3 b6 12. 0-0 Bb7 13. Rad1 Rc8 14. Bf5 c5 15. Qb3 c4 16. Qc2 g6 17. Bh3 a6 18. Rfe1 b5 19. Bxf6 Bxf6 20. Nf4 Rb8 21. Ncxd5 Bg7 22. Nc3 Nf6 23. e4 Nh7 24. Qf2 b4 25. Nb1 Qa5 26. e5 g5 27. Nh5 Qxa2 28. Nxg7 Kxg7 29. d5 Bc8 30. e6 fxe6 31. Bxe6 Bxe6 32. Rxe6 Nf6 33. Qd4 Rxe6 34. Qa7+ Kg6 35. dxe6 Rf8 36. Qe7 Qb3 37. Re1 Nh7 38. Qxf8 Nxf8 39. e7 1-0